О замедлении реакции гидролиза целлюлозы под влиянием воды; Сборник трудов Государственного научно-исследовательского института гидролизной и сульфитно-спиртовой промышленности (НИИГС); Том 12

Bibliografiska uppgifter
Parent link:Сборник трудов Государственного научно-исследовательского института гидролизной и сульфитно-спиртовой промышленности (НИИГС)/ Государственный научно-исследовательский институт гидролизной и сульфитно-спиртовой промышленности (НИИГС).— , 1964
Том 12.— 1964.— С. 71-86
Huvudupphovsman: Болотова А. К.
Övriga upphovsmän: Шарков В. И.
Språk:ryska
Publicerad: 1964
Serie:Химия и технология растительных тканей
Materialtyp: MixedMaterials Bokavsnitt
KOHA link:https://koha.lib.tpu.ru/cgi-bin/koha/opac-detail.pl?biblionumber=195444

MARC

LEADER 00000naa2a2200000 4500
001 195444
005 20231031182839.0
035 |a (RuTPU)RU\TPU\book\213217 
035 |a RU\TPU\book\213216 
090 |a 195444 
100 |a 20110510d1964 k y0rusy50 ca 
101 0 |a rus 
102 |a RU 
200 1 |a О замедлении реакции гидролиза целлюлозы под влиянием воды  |f А. К. Болотова, В. И. Шарков 
225 1 |a Химия и технология растительных тканей 
320 |a Библиогр.: с. 86 (9 назв.) 
461 0 |0 (RuTPU)RU\TPU\book\213161  |t Сборник трудов Государственного научно-исследовательского института гидролизной и сульфитно-спиртовой промышленности (НИИГС)  |f Государственный научно-исследовательский институт гидролизной и сульфитно-спиртовой промышленности (НИИГС)  |d 1964 
463 0 |0 (RuTPU)RU\TPU\book\213162  |t Том 12  |f под ред. А. И. Козлова  |v С. 71-86  |d 1964  |p 255 с. 
700 1 |a Болотова  |b А. К. 
701 1 |a Шарков  |b В. И. 
801 1 |a RU  |b 63413507  |c 20110510 
801 2 |a RU  |b 63413507  |c 20111012  |g RCR 
942 |c BK